| 000 | 01696cam a22003614a 4500 | ||
|---|---|---|---|
| 090 | _c10191 | ||
| 001 | 14989891 | ||
| 005 | 20080227092651.0 | ||
| 008 | 070831s2008 maua b 001 0 eng | ||
| 010 | _a 2007036509 | ||
| 020 | _a9780072957167 (hbk. : alk. paper) | ||
| 020 | _a0072957166 (hbk. : alk. paper) | ||
| 040 |
_aDLC _cDLC _dDLC |
||
| 050 | 0 | 0 |
_aTK5103.7 _b.P76 2008 |
| 082 | 0 | 0 |
_a621.382 _222 _bPRO |
| 100 | 1 | _aProakis, John G. | |
| 245 | 1 | 0 |
_aDigital communications / _cJohn G. Proakis, Masoud Salehi. |
| 250 | _a5th ed. | ||
| 260 |
_aBoston : _bMcGraw-Hill, _cc.2008. |
||
| 300 |
_axviii, 1150 p. : _bill. ; _c24 cm. |
||
| 500 | _aDistributer: Baccah. | ||
| 504 | _aIncludes bibliographical references (p. 1109-1141) and index. | ||
| 650 | 0 | _aDigital communications. | |
| 700 | 1 | _aSalehi, Masoud. | |
| 856 | 4 | 2 |
_3Publisher description _uhttp://www.loc.gov/catdir/enhancements/fy0803/2007036509-d.html |
| 856 | 4 | 1 |
_3Table of contents only _uhttp://www.loc.gov/catdir/enhancements/fy0804/2007036509-t.html |
| 906 |
_a7 _bcbc _corignew _d1 _eecip _f20 _gy-gencatlg |
||
| 942 |
_2ddc _cBB |
||
| 999 |
_c10191 _d10191 |
||